Sports Quiz

Random Sports or Soccer Quiz

West Ham United Players 2010-2019 Quiz Stats

 Plays Quiz not verified by Sporcle

Support Sporcle.
Go Orange.
Score 0/133 Timer 15:00
0 Plays Today
Debut season in decade Player % Correct
2010/2011Mark Noble
95.3%
2010/2011Demba Ba
94.9%
2010/2011Carlton Cole
93.9%
2012/2013Joe Cole
93.9%
2014/2015Aaron Cresswell
93.1%
2015/2016Manuel Lanzini
93.1%
2011/2012Papa Bouba Diop
92.1%
2015/2016Dmitri Payet
92.1%
2018/2019Łukasz Fabiański
92.1%
2015/2016Angelo Ogbonna
91.7%
2016/2017Declan Rice
91.7%
2018/2019Issa Diop
91.7%
2015/2016Michail Antonio
89.9%
2011/2012Kevin Nolan
89.5%
2012/2013James Collins
88.4%
2013/2014Andy Carroll
88.4%
2018/2019Fabian Balbuena
88.4%
2011/2012Danny Collins
88.1%
2010/2011Robert Green
87.7%
2011/2012Robert Hall
87.7%
2017/2018Pablo Zabaleta
87.4%
2018/2019Felipe Anderson
87.4%
2010/2011James Tomkins
87%
2015/2016Darren Randolph
86.3%
2019/2020Sébastien Haller
86.3%
2016/2017Arthur Masuaku
85.9%
2010/2011Winston Reid
85.2%
2014/2015Cheikhou Kouyaté
84.5%
2013/2014Adrián
84.1%
2019/2020Pablo Fornals
82.3%
2018/2019Ryan Fredericks
81.9%
2014/2015Diafra Sakho
81.2%
2016/2017Robert Snodgrass
81.2%
2018/2019Ben Johnson
81.2%
2013/2014Roger Johnson
80.9%
2019/2020David Martin
80.9%
2015/2016Pedro Obiang
80.1%
2010/2011Scott Parker
79.4%
2014/2015Enner Valencia
79.4%
2011/2012Ricardo Vaz Te
78%
2017/2018Javier Hernández
77.6%
2017/2018Marko Arnautovic
76.9%
2018/2019Andriy Yarmolenko
76.9%
2019/2020Roberto
75.8%
2018/2019Jack Wilshere
70.4%
Debut season in decade Player % Correct
2010/2011Jack Collison
70%
2012/2013Matt Jarvis
69.3%
2013/2014Stewart Downing
68.6%
2011/2012Guy Demel
67.9%
2017/2018Joe Hart
66.8%
2014/2015Carl Jenkinson
66.4%
2016/2017Simone Zaza
66.1%
2011/2012Joey O'Brien
65.7%
2011/2012Matthew Taylor
65.3%
2018/2019Carlos Sanchez
64.6%
2014/2015Mauro Zarate
64.3%
2010/2011Matthew Upson
63.2%
2010/2011Junior Stanislas
63.2%
2012/2013Jussi Jaaskelainen
63.2%
2015/2016Reece Oxford
63.2%
2014/2015Alex Song
62.8%
2016/2017Sofiane Feghouli
62.1%
2010/2011Freddie Sears
61.4%
2019/2020Albian Ajeti
61%
2012/2013Mohamed Diamé
60.6%
2010/2011Robbie Keane
58.8%
2011/2012George McCartney
58.8%
2010/2011Herita Ilunga
57.8%
2016/2017André Ayew
57.4%
2016/2017Jonathan Calleri
57.4%
2016/2017Gökhan Töre
57.4%
2018/2019Grady Diangana
57.4%
2010/2011Thomas Hitzlsperger
56.7%
2010/2011Gary O'Neil
56.3%
2011/2012Ravel Morrison
56.3%
2016/2017Edmilson Fernandes
55.6%
2015/2016Sam Byram
55.2%
2015/2016Josh Cullen
55.2%
2012/2013Modibo Maïga
54.9%
2010/2011Frederic Piquionne
54.5%
2011/2012Nicky Maynard
54.5%
2017/2018João Mário
54.5%
2010/2011Julien Faubert
54.2%
2010/2011Danny Gabbidon
53.8%
2018/2019Lucas Pérez
53.4%
2017/2018Patrice Evra
53.1%
2010/2011Zavon Hines
52.7%
2011/2012Sam Baldock
52.7%
2015/2016Victor Moses
52.3%
2018/2019Samir Nasri
52.3%
Debut season in decade Player % Correct
2014/2015Nenê
52.2%
2010/2011Valon Behrami
52%
2016/2017Ashley Fletcher
52%
2010/2011Jonathan Spector
51.6%
2015/2016Nikica Jelavić
51.6%
2016/2017José Fonte
51.3%
2010/2011Victor Obinna
50.5%
2010/2011Alessandro Diamanti
49.8%
2011/2012Abdoulaye Faye
49.8%
2014/2015Reece Burke
49.6%
2010/2011Kieron Dyer
49.5%
2012/2013Yossi Benayoun
49.5%
2014/2015Morgan Amalfitano
49.5%
2011/2012Dan Potts
49.1%
2014/2015Diego Poyet
49.1%
2011/2012John Carew
48.7%
2010/2011Manuel da Costa
48.4%
2016/2017Alvaro Arbeloa
48%
2010/2011Wayne Bridge
47.7%
2015/2016Emmanuel Emenike
47.7%
2010/2011Lars Jacobsen
46.9%
2017/2018Jordan Hugill
46.6%
2010/2011Luis Boa Morte
46.2%
2016/2017Håvard Nordtveit
46.2%
2010/2011Tal Ben Haim
45.8%
2018/2019Xande Silva
45.8%
2011/2012Henri Lansbury
44.4%
2013/2014Răzvan Raț
43.7%
2010/2011Radoslav Kovac
42.6%
2010/2011Jordan Spence
42.2%
2010/2011Benni McCarthy
40.1%
2013/2014Pablo Armero
40.1%
2010/2011Pablo Barrera
35.4%
2011/2012David Bentley
34.7%
2012/2013Alou Diarra
33.9%
2013/2014Mladen Petrić
32.9%
2013/2014Antonio Nocerino
32.5%
2012/2013Emmanuel Pogatetz
31.4%
2010/2011Ruud Boffin
29.6%
2012/2013Marouane Chamakh
28.9%
2013/2014Marco Borriello
27.4%
2011/2012Manuel Almunia
26.7%
2017/2018Sead Hakšabanović
12.3%

You're not logged in!

Compare scores with friends on all Sporcle quizzes.
OR
Log In

From the Vault

Provinces and Territories of Canada

by Derek

There are 13 provinces and territories of Canada, none of them are named after Gordie Howe.
Remove Ads.
Support Sporcle.
Get the best of Sporcle when you Go Orange. This ad-free experience offers more features, more stats, and more fun while also helping to support Sporcle. Thank you for becoming a member.

Show Comments

Extras

Top Quizzes Today


Score Distribution

Your Account Isn't Verified!

In order to create a playlist on Sporcle, you need to verify the email address you used during registration. Go to your Sporcle Settings to finish the process.

Report this User

Report this user for behavior that violates our Community Guidelines.

Details: